The Forgery of venus

Bibliographic Details
Main Author: Gruber, Michael
Format: Book
Published: New York : William Morrow , 2008
Subjects:

MARC

LEADER 00000cam a2200000 7i4500
001 0000130708
005 20090819.0
020 |a 0060874481 
020 |a 9780060874483 
090 0 0 |a F   |b GRU 
100 1 |a Gruber, Michael 
245 1 4 |a The Forgery of venus   |c Michael Gruber 
260 |a New York :   |b William Morrow ,   |c 2008 
300 |a 318p. ;   |c 24cm. 
650 0 0 |a Fiction 
999 |a 00227561   |b BUKU   |c PINJAMAN   |e PERPUSTAKAAN KOMUNITI PETALING JAYA